<?xml version="1.0" encoding="UTF-8"?><?xml-stylesheet type="text/xsl" href="static/style.xsl"?><OAI-PMH xmlns="http://www.openarchives.org/OAI/2.0/" xmlns:xsi="http://www.w3.org/2001/XMLSchema-instance" xsi:schemaLocation="http://www.openarchives.org/OAI/2.0/ http://www.openarchives.org/OAI/2.0/OAI-PMH.xsd"><responseDate>2026-04-18T02:20:58Z</responseDate><request verb="GetRecord" identifier="oai:www.recercat.cat:20.500.12327/2921" metadataPrefix="marc">https://recercat.cat/oai/request</request><GetRecord><record><header><identifier>oai:recercat.cat:20.500.12327/2921</identifier><datestamp>2025-10-22T11:17:17Z</datestamp><setSpec>com_2072_4428</setSpec><setSpec>com_2072_4427</setSpec><setSpec>col_2072_487898</setSpec></header><metadata><record xmlns="http://www.loc.gov/MARC21/slim" xmlns:dcterms="http://purl.org/dc/terms/" xmlns:xsi="http://www.w3.org/2001/XMLSchema-instance" xmlns:doc="http://www.lyncode.com/xoai" xsi:schemaLocation="http://www.loc.gov/MARC21/slim http://www.loc.gov/standards/marcxml/schema/MARC21slim.xsd">
   <leader>00925njm 22002777a 4500</leader>
   <datafield ind2=" " ind1=" " tag="042">
      <subfield code="a">dc</subfield>
   </datafield>
   <datafield ind2=" " ind1=" " tag="720">
      <subfield code="a">Rezende, F.M.</subfield>
      <subfield code="e">author</subfield>
   </datafield>
   <datafield ind2=" " ind1=" " tag="720">
      <subfield code="a">Ferraz, J.B.S.</subfield>
      <subfield code="e">author</subfield>
   </datafield>
   <datafield ind2=" " ind1=" " tag="720">
      <subfield code="a">Eler, J.P.</subfield>
      <subfield code="e">author</subfield>
   </datafield>
   <datafield ind2=" " ind1=" " tag="720">
      <subfield code="a">Silva, R.C.G.</subfield>
      <subfield code="e">author</subfield>
   </datafield>
   <datafield ind2=" " ind1=" " tag="720">
      <subfield code="a">Mattos, E.C.</subfield>
      <subfield code="e">author</subfield>
   </datafield>
   <datafield ind2=" " ind1=" " tag="720">
      <subfield code="a">Ibanez-Escriche, Noelia</subfield>
      <subfield code="e">author</subfield>
   </datafield>
   <datafield ind2=" " ind1=" " tag="260">
      <subfield code="c">2012-03-31</subfield>
   </datafield>
   <datafield ind2=" " ind1=" " tag="520">
      <subfield code="a">A data set of a commercial Nellore beef cattle selection program was used to compare&#xd;
breeding models that assumed or not markers effects to estimate the breeding values,&#xd;
when a reduced number of animals have phenotypic, genotypic and pedigree information&#xd;
available. This herd complete data set was composed of 83,404 animals measured for&#xd;
weaning weight (WW), post-weaning gain (PWG), scrotal circumference (SC) and muscle&#xd;
score (MS), corresponding to 116,652 animals in the relationship matrix. Single trait&#xd;
analyses were performed by MTDFREML software to estimate fixed and random effects&#xd;
solutions using this complete data. The additive effects estimated were assumed as the&#xd;
reference breeding values for those animals. The individual observed phenotype of each&#xd;
trait was adjusted for fixed and random effects solutions, except for direct additive&#xd;
effects. The adjusted phenotype composed of the additive and residual parts of observed&#xd;
phenotype was used as dependent variable for models’ comparison. Among all measured&#xd;
animals of this herd, only 3160 animals were genotyped for 106 SNP markers. Three&#xd;
models were compared in terms of changes on animals’ rank, global fit and predictive&#xd;
ability. Model 1 included only polygenic effects, model 2 included only markers effects&#xd;
and model 3 included both polygenic and markers effects. Bayesian inference via Markov&#xd;
chain Monte Carlo methods performed by TM software was used to analyze the data for&#xd;
model comparison. Two different priors were adopted for markers effects in models 2 and&#xd;
3, the first prior assumed was a uniform distribution (U) and, as a second prior, was&#xd;
assumed that markers effects were distributed as normal (N). Higher rank correlation&#xd;
coefficients were observed for models 3_U and 3_N, indicating a greater similarity of&#xd;
these models animals’ rank and the rank based on the reference breeding values. Model&#xd;
3_N presented a better global fit, as demonstrated by its low DIC. The best models in&#xd;
terms of predictive ability were models 1 and 3_N. Differences due prior assumed&#xd;
to markers effects in models 2 and 3 could be attributed to the better ability of normal&#xd;
prior in handle with collinear effects. The models 2_U and 2_N presented the worst&#xd;
performance, indicating that this small set of markers should not be used to genetically&#xd;
evaluate animals with no data, since its predictive ability is restricted. In conclusion,&#xd;
model 3_N presented a slight superiority when a reduce number of animals have&#xd;
phenotypic, genotypic and pedigree information. It could be attributed to the variation&#xd;
retained by markers and polygenic effects assumed together and the normal prior&#xd;
assumed to markers effects, that deals better with the collinearity between markers.</subfield>
   </datafield>
   <datafield ind1="8" ind2=" " tag="024">
      <subfield code="a">De Rezende, Fernanda Marcondes, José Bento Sterman Ferraz, Joanir Pereira Eler, Roulber Carvalho Gomes Da Silva, E. C. Mattos, and Noelia Ibáñez‐Escriche. 2012. “Study of Using Marker Assisted Selection on a Beef Cattle Breeding Program by Model Comparison.” Livestock Science 147 (1–3): 40–48. doi:10.1016/j.livsci.2012.03.017.</subfield>
   </datafield>
   <datafield ind1="8" ind2=" " tag="024">
      <subfield code="a">1871-1413</subfield>
   </datafield>
   <datafield ind1="8" ind2=" " tag="024">
      <subfield code="a">http://hdl.handle.net/20.500.12327/2921</subfield>
   </datafield>
   <datafield ind1="8" ind2=" " tag="024">
      <subfield code="a">https://doi.org/10.1016/j.livsci.2012.03.017</subfield>
   </datafield>
   <datafield ind2="0" ind1="0" tag="245">
      <subfield code="a">Study of using marker assisted selection on a beef cattle breeding program by model comparison</subfield>
   </datafield>
</record></metadata></record></GetRecord></OAI-PMH>